Catálogo

MARKETING POLITICO E IMAGEN DE GOBIERNO EN FUNCIONES (Registro nro. 28275)

Detalles MARC
000 -LEADER
fixed length control field 00750nam a2200193 a 4500
001 - CONTROL NUMBER
control field 28275
005 - DATE AND TIME OF LATEST TRANSACTION
control field 20180713231128.0
008 - FIXED-LENGTH DATA ELEMENTS--GENERAL INFORMATION
fixed length control field 140415s2003 mx 000 0 spa d
020 ## - INTERNATIONAL STANDARD BOOK NUMBER
International Standard Book Number 9701040511
041 ## - LANGUAGE CODE
Language code of text/sound track or separate title spa
082 ## - DEWEY DECIMAL CLASSIFICATION NUMBER
Classification number 324.73
Item number FER
100 1# - MAIN ENTRY--PERSONAL NAME
Personal name FERNÉNDEZ COLBADO, CARLOS
245 10 - TITLE STATEMENT
Title MARKETING POLITICO E IMAGEN DE GOBIERNO EN FUNCIONES
250 ## - EDITION STATEMENT
Edition statement 2° EDICIÓN
260 ## - PUBLICATION, DISTRIBUTION, ETC.
Place of publication, distribution, etc. MEXICO :
Name of publisher, distributor, etc. MC GRAW HILL,
Date of publication, distribution, etc. 2003
300 ## - PHYSICAL DESCRIPTION
Extent 158
Dimensions 17 x 1 x 24
520 ## - SUMMARY, ETC.
Summary, etc. LA OBRA PRESENTA LA FASE DE MERCADOTECNIA POLITICA QUE SE SIGUE EN LA CAMPAÑA DE UNA ELECCION ASI COMO UNA PROPUESTA DE ACCIONES PARA CREAR LA IMAGEN DEL GOBIERNO EN FUNCIONES ES DECIR LAS DOS CARAS DEL PROCESO DE COMUNICACION POLITICA.
650 14 - SUBJECT ADDED ENTRY--TOPICAL TERM
Topical term or geographic name entry element POLITICA
Existencias
Withdrawn status Lost status Source of classification or shelving scheme Damaged status Not for loan Collection code Home library Current library Shelving location Date acquired Source of acquisition Total Checkouts Full call number Barcode Date last seen Price effective from Koha item type
    Dewey Decimal Classification     General Tehuacán Tehuacán Sala general 03/12/2013 Compra   324.73 FER 505547 08/01/2025 03/12/2013 Libro
    Dewey Decimal Classification   Consulta en sala General Tehuacán Tehuacán Sala general 03/12/2013 Compra   324.73 FER 501823 08/01/2025 03/12/2013 Reserva permanente